000 05534cam a2200469 i 4500
001 data
005 20260322212113.0
008 data
035 _a22418991
906 _a7
_bcbc
_ccopycat
_d2
_encip
_f20
_gy-gencatlg
925 0 _aacquire
_b1 shelf copy
_xpolicy default
_zAssign to S&B RR
010 _a 2022932634
015 _aGBC249620
_2bnb
016 7 _a020526566
_2Uk
020 _a1789909058
_qalk. paper)
_qalk. paper)
020 _a9781789909050
_qalk. paper)
_qalk. paper)
020 _z9781789909067
_q(ebk)
035 _a(OCoLC)1285051606
040 _aYDX
_beng
_erda
_cYDX
_dDLC
_dUKMGB
_dOCLCO
_dOCLCF
_dGPM
_dUUM
_dDLC
042 _alccopycat
050 0 0 _aHB74.P65
_bH36 2022
082 0 4 _a330.1
_223
245 0 0 _aHandbook of alternative theories of political economy /
_cedited by Frank Stilwell, David Primrose, Tim B. Thornton.
264 1 _aNorthampton, MA, USA :
_aNorthampton, MA, USA :
_bEdward Elgar Publishing,
_c[2022]
300 _ax, 506 pages ;
_c25 cm
336 _atext
_2rdacontent
337 _aunmediated
_2rdamedia
338 _avolume
_2rdacarrier
504 _aIncludes bibliographical references and index.
505 0 _aPart I: Political economy as an area of knowledge -- 1. Introduction to the handbook of alternative theories of political economy / Frank Stilwell, David Primrose and Tim B. Thornton -- 2. Capitalism, climate change and freedom / Elke Pirgmaier -- Part II: Identifying foundational approaches to political economy -- 3. Classical political economy and its ongoing relevance / Jamie Morgan -- 4. The marxist tradition in political economy / Bill Dunn -- 5. Institutional political economy / Arturo Hermann -- 6. Post keynesian economics / John E. King -- 7. Feminist political economy / Jennifer Cohen and Heidi Hartmann -- 8. Sraffian political economy / Nuno Ornelas Martins -- Part III: Analysing the dynamics of economic systems -- 9. Circular and cumulative causation / Phillip Toner and Gavan Butler -- 10. Evolutionary political economy / Tae-Hee Jo -- 11. Neo-schumpeterian economics / Rinaldo Evangelista -- 12. The regulation approach / Brett Heino -- 13. Social structures of accumulation / Terrence McDonough and David M. Kotz -- 14. Capital as power / Tim Di Muzio and Matt Dow -- 15. Foundations of modern money theory / L. Randall Wray -- 16. The austrian school of economics / Peter J. Boettke, Rosolino Candela, Karras J. Lambert and Dillon Tauzin -- Part IV: Exploring the socio-ecological foundations of economic systems -- 17. Polanyian political economy / Joy Paton -- 18. Georgist political economy / Franklin Obeng-Odoom -- 19. Ecological economics / Neil Perry -- 20. Social economics / John B. Davis -- 21. A social property relations approach to class, gender, race / Andreas Bieler and Adam David Morton -- 22. The systems of provision approach / Robin Chang -- 23. The diverse economies approach / Jenny Cameron and J.K. Gibson-Graham -- Part V: Extending political economy through interdisciplinarity -- 24. Spatial political economy / Brett Christophers -- 25. Cultural political economy / Bob Jessop and Ngai-Ling Sum -- 26. Postcolonial and poststructural political economy / Penny Griffin -- 27. Behavioural economics and neuroeconomics / David Primrose -- Part VI: Making a difference -- 28. Pluralism in political economy / Tim B. Thornton -- 29. Economics imperialism and a transdisciplinary perspective / Mario Cedrini and Joselle Dagnes -- 30. Approaches to, and measures of, progress / Pratistha Joshi Rajkarnikar -- 31. Advancing education in political economy / Frank Stilwell and Tim B. Thornton -- 32. Progressive economics and social change movements / Jim Stanford -- Index.
520 _a"This Handbook provides an overview of established and cutting-edge contributions to political economic thought. Chapters by leading and emerging scholars showcase the diverse approaches and productive debates among researchers. Separate sections of the book deal with political economy as an area of knowledge, its principal theoretical traditions, the dynamics and socio-ecological foundations of economic systems, and political economy's interdisciplinary connections. Thirty-two chapters cover the full spectrum of contemporary political economy, including classical, Marxist, post-Keynesian, institutional, evolutionary, and feminist approaches, recent studies of capital as power, modern money theory, behavioural economics, social structures of accumulation, and race, gender and class. The volume concludes by reflecting on how these theories of political economy can contribute to making a better world. Pluralist and interdisciplinary in its approach, this Handbook is a key resource for students and teachers of political economy and heterodox economics, as well as for other social scientists wanting to understand political economic processes"--
_cProvided by publisher
650 0 _aEconomics.
650 2 _aEconomics
650 6 _aÉconomie politique.
650 7 _aeconomics.
_2aat
650 7 _aEconomics.
_2fast
_0(OCoLC)fst00902116
700 1 _aStilwell, Frank J. B.,
_eeditor.
700 1 _aPrimrose, David,
_d1986-
_eeditor.
700 1 _aThornton, Tim B.,
_eeditor.
776 0 8 _iOnline version.
_tHandbook of alternative theories of political economy.
_dCheltenham, UK ; Northampton, MA, USA : Edward Elgar Publishing, [2022]
_z9781789909067
_w(OCoLC)1328031555
999 _c1694
_d1694